Metalurgia del plomo / (Record no. 164621)
[ view plain ]
| 000 -LEADER | |
|---|---|
| campo de control de longitud fija | 01135nam a22002053i 4500 |
| 001 - NÚMERO DE CONTROL | |
| campo de control | 164621 |
| 003 - IDENTIFICADOR DE NÚMERO DE CONTROL | |
| campo de control | ES-MaACL |
| 005 - FECHA Y HORA DE LA ÚLTIMA TRANSACCIÓN | |
| campo de control | 20230906212954.0 |
| 008 - DATOS DE LONGITUD FIJA--INFORMACIÓN GENERAL | |
| campo de control de longitud fija | 001002s1893 sp |||| | spa d |
| 100 1# - ENTRADA PRINCIPAL--NOMBRE DE PERSONA | |
| Nombre de persona | Sánchez y Massia, Manuel. |
| 9 (RLIN) | 133040 |
| 245 10 - MENCIÓN DEL TÍTULO | |
| Título | Metalurgia del plomo / |
| Mención de responsabilidad, etc. | por D. Manuel Sánchez y Massia. |
| 260 ## - PUBLICACIÓN, DISTRIBUCIÓN, ETC. | |
| Lugar de publicación, distribución, etc. | Madrid : |
| Nombre del editor, distribuidor, etc. | [s.n.], |
| Fecha de publicación, distribución, etc. | 1893 ( |
| Fabricante | Est. Tip. de Enrique Teodoro) |
| 300 ## - DESCRIPCIÓN FÍSICA | |
| Extensión | 376 p. ; |
| Dimensiones | 25 cm. |
| 530 ## - NOTA DISPONIBLE DE FORMULARIO FÍSICO ADICIONAL | |
| Nota de formato físico adicional disponible | Disponible en formato digital. |
| 595 ## - | |
| -- | Hay 8 h. de lám. dobles, de 32 cm, enc. en T-1087-F, que corresponden a esta obra; las lám. encabezan con "M. Sánchez y Massia, Metalurgia del plomo", realizadas por "Lit. Méndez" |
| 650 ## - PUNTO DE ACCESO ADICIONAL DE MATERIA--TÉRMINO DE MATERIA | |
| Término de materia o nombre geográfico como elemento de entrada | Plomo- |
| Subdivisión general | Metalurgia. |
| 9 (RLIN) | 140798 |
| 852 ## - LOCALIZACIÓN | |
| Ubicación | ES-MaACL |
| Número de control de estantería | B-7995 |
| Nota libre | - Enc. hol. |
| -- | - Legado de Federico de Botella y Hornos |
| 852 1# - LOCALIZACIÓN | |
| Ubicación | BA |
| Número de control de estantería | T-1087-F-4 - |
| Nota libre | 8 h. de lám. dobles, de 32 cm, enc., las h. de lám. encabezan con "M. Sánchez y Massia, Metalurgia del plomo", realizadas por "Lit. Méndez" |
| -- | - Legado de Federico de Botella y de Hornos |
| 856 ## - LOCALIZACIÓN Y ACCESO ELECTRÓNICOS | |
| Identificador Uniforme de Recursos | <a href="http://bdh-rd.bne.es/viewer.vm?id=0000058460&page=1 ">http://bdh-rd.bne.es/viewer.vm?id=0000058460&page=1 </a> |
| Nota pública | Biblioteca Digital Hispánica |
| Estatus retirado | Estado de pérdida | Estado de daño | No para préstamo | Colección | Biblioteca de origen | Biblioteca actual | Ubicación en estantería | Fecha de adquisición | Fuente de adquisición | Total de préstamos | Signatura topográfica completa | Código de barras | Visto por última vez | Precio de reemplazo | Tipo de ítem Koha |
|---|---|---|---|---|---|---|---|---|---|---|---|---|---|---|---|
| Colección digital | Biblioteca del Ateneo de Madrid | Biblioteca del Ateneo de Madrid | Sala Pardo Bazán | 17/01/2008 | B-7995 | 1172567 | 23/02/2023 | 23/02/2023 | Libro impreso antiguo | ||||||
| Colección de folletos | Biblioteca del Ateneo de Madrid | Biblioteca del Ateneo de Madrid | Depósito folletos | 22/06/2009 | T-1087-F-4 | 1180769 | 23/02/2023 | 23/02/2023 | Folleto |
